<?xml version="1.0" encoding="UTF-8"?>
<record
    xmlns:xsi="http://www.w3.org/2001/XMLSchema-instance"
    xsi:schemaLocation="http://www.loc.gov/MARC21/slim http://www.loc.gov/standards/marcxml/schema/MARC21slim.xsd"
    xmlns="http://www.loc.gov/MARC21/slim">

  <leader>00877pam a2200253 a 4500</leader>
  <controlfield tag="001">TB11973</controlfield>
  <controlfield tag="003">IN-BhIIT</controlfield>
  <controlfield tag="005">20260508184918.0</controlfield>
  <controlfield tag="008">980619s1999    caua     b    001 0 eng  </controlfield>
  <datafield tag="020" ind1=" " ind2=" ">
    <subfield code="a">9788181471895 (pbk)</subfield>
  </datafield>
  <datafield tag="040" ind1=" " ind2=" ">
    <subfield code="a">IN-BhIIT</subfield>
  </datafield>
  <datafield tag="041" ind1=" " ind2=" ">
    <subfield code="a">eng</subfield>
  </datafield>
  <datafield tag="082" ind1="0" ind2="0">
    <subfield code="a">004.35</subfield>
    <subfield code="b">CUL/P</subfield>
  </datafield>
  <datafield tag="100" ind1="1" ind2=" ">
    <subfield code="a">Culler, David E.</subfield>
    <subfield code="e">Author</subfield>
    <subfield code="9">24966</subfield>
  </datafield>
  <datafield tag="245" ind1="1" ind2="0">
    <subfield code="a">Parallel computer architecture :</subfield>
    <subfield code="b">a hardware/software approach /</subfield>
    <subfield code="c">by David E. Culler, Jaswinder Pal Singh and Anoop Gupta.</subfield>
  </datafield>
  <datafield tag="260" ind1=" " ind2=" ">
    <subfield code="a">San Francisco :</subfield>
    <subfield code="b">Morgan Kaufmann Publishers,</subfield>
    <subfield code="c">c1999.</subfield>
  </datafield>
  <datafield tag="300" ind1=" " ind2=" ">
    <subfield code="a">xxix, 1025 p. :</subfield>
    <subfield code="b">ill. ;</subfield>
    <subfield code="c">25 cm.</subfield>
  </datafield>
  <datafield tag="504" ind1=" " ind2=" ">
    <subfield code="a">Includes bibliographical references and index.</subfield>
  </datafield>
  <datafield tag="650" ind1=" " ind2="0">
    <subfield code="a">Parallel computers.</subfield>
    <subfield code="9">24967</subfield>
  </datafield>
  <datafield tag="650" ind1=" " ind2="0">
    <subfield code="a">Computer architecture.</subfield>
    <subfield code="9">27752</subfield>
  </datafield>
  <datafield tag="700" ind1="1" ind2=" ">
    <subfield code="a">Singh, Jaswinder Pal.</subfield>
    <subfield code="e">Joint author</subfield>
    <subfield code="9">24968</subfield>
  </datafield>
  <datafield tag="700" ind1="1" ind2=" ">
    <subfield code="a">Gupta, Anoop.</subfield>
    <subfield code="e">Joint author</subfield>
    <subfield code="9">24969</subfield>
  </datafield>
  <datafield tag="942" ind1=" " ind2=" ">
    <subfield code="c">TB</subfield>
    <subfield code="0">2</subfield>
  </datafield>
  <datafield tag="999" ind1=" " ind2=" ">
    <subfield code="c">14522</subfield>
    <subfield code="d">14522</subfield>
  </datafield>
  <datafield tag="952" ind1=" " ind2=" ">
    <subfield code="0">0</subfield>
    <subfield code="1">0</subfield>
    <subfield code="2">ddc</subfield>
    <subfield code="4">0</subfield>
    <subfield code="7">0</subfield>
    <subfield code="8">SES</subfield>
    <subfield code="a">CLIITBBS</subfield>
    <subfield code="b">CLIITBBS</subfield>
    <subfield code="d">2024-12-09</subfield>
    <subfield code="e">51</subfield>
    <subfield code="g">468.75</subfield>
    <subfield code="l">0</subfield>
    <subfield code="o">004.35 CUL/P</subfield>
    <subfield code="p">TB11974</subfield>
    <subfield code="r">2024-12-09 00:00:00</subfield>
    <subfield code="v">625.00</subfield>
    <subfield code="w">2024-12-09</subfield>
    <subfield code="y">TB</subfield>
  </datafield>
  <datafield tag="952" ind1=" " ind2=" ">
    <subfield code="0">0</subfield>
    <subfield code="1">0</subfield>
    <subfield code="2">ddc</subfield>
    <subfield code="4">0</subfield>
    <subfield code="7">0</subfield>
    <subfield code="8">SES</subfield>
    <subfield code="a">CLIITBBS</subfield>
    <subfield code="b">CLIITBBS</subfield>
    <subfield code="d">2024-12-09</subfield>
    <subfield code="e">51</subfield>
    <subfield code="g">468.75</subfield>
    <subfield code="l">1</subfield>
    <subfield code="o">004.35 CUL/P</subfield>
    <subfield code="p">TB11975</subfield>
    <subfield code="q">2026-06-08</subfield>
    <subfield code="r">2026-05-08 18:49:18</subfield>
    <subfield code="s">2026-05-08</subfield>
    <subfield code="v">625.00</subfield>
    <subfield code="w">2024-12-09</subfield>
    <subfield code="y">TB</subfield>
  </datafield>
  <datafield tag="952" ind1=" " ind2=" ">
    <subfield code="0">0</subfield>
    <subfield code="1">0</subfield>
    <subfield code="2">ddc</subfield>
    <subfield code="4">0</subfield>
    <subfield code="7">0</subfield>
    <subfield code="8">SES</subfield>
    <subfield code="a">CLIITBBS</subfield>
    <subfield code="b">CLIITBBS</subfield>
    <subfield code="d">2024-12-09</subfield>
    <subfield code="e">51</subfield>
    <subfield code="g">468.75</subfield>
    <subfield code="l">0</subfield>
    <subfield code="o">004.35 CUL/P</subfield>
    <subfield code="p">TB11977</subfield>
    <subfield code="r">2024-12-09 00:00:00</subfield>
    <subfield code="v">625.00</subfield>
    <subfield code="w">2024-12-09</subfield>
    <subfield code="y">TB</subfield>
  </datafield>
  <datafield tag="952" ind1=" " ind2=" ">
    <subfield code="0">0</subfield>
    <subfield code="1">0</subfield>
    <subfield code="2">ddc</subfield>
    <subfield code="4">0</subfield>
    <subfield code="7">0</subfield>
    <subfield code="8">SES</subfield>
    <subfield code="a">CLIITBBS</subfield>
    <subfield code="b">CLIITBBS</subfield>
    <subfield code="d">2024-12-09</subfield>
    <subfield code="e">51</subfield>
    <subfield code="g">468.75</subfield>
    <subfield code="l">1</subfield>
    <subfield code="m">2</subfield>
    <subfield code="o">004.35 CUL/P</subfield>
    <subfield code="p">TB11976</subfield>
    <subfield code="q">2026-08-02</subfield>
    <subfield code="r">2026-04-30 12:45:36</subfield>
    <subfield code="s">2026-04-30</subfield>
    <subfield code="v">625.00</subfield>
    <subfield code="w">2024-12-09</subfield>
    <subfield code="y">TB</subfield>
  </datafield>
  <datafield tag="952" ind1=" " ind2=" ">
    <subfield code="0">0</subfield>
    <subfield code="1">0</subfield>
    <subfield code="2">ddc</subfield>
    <subfield code="4">0</subfield>
    <subfield code="7">0</subfield>
    <subfield code="8">SES</subfield>
    <subfield code="a">CLIITBBS</subfield>
    <subfield code="b">CLIITBBS</subfield>
    <subfield code="d">2024-12-09</subfield>
    <subfield code="e">51</subfield>
    <subfield code="g">468.75</subfield>
    <subfield code="l">0</subfield>
    <subfield code="o">004.35 CUL/P</subfield>
    <subfield code="p">TB11973</subfield>
    <subfield code="r">2024-12-09 00:00:00</subfield>
    <subfield code="v">625.00</subfield>
    <subfield code="w">2024-12-09</subfield>
    <subfield code="y">RES</subfield>
  </datafield>
</record>
